000 00309nam a22001337a 4500
008 171016b xxu||||| |||| 00| 0 eng d
020 _a9780205163779
041 _aeng
080 _23RD
_a331.101.262
100 _a52
101 _aBNJ
245 _aHUMAN RESOURCES MANAGEMENT
_cFERRIS,G.R
942 _2udc
_cBK
999 _c34205
_d34205